[Event "LLHH 1819 Weiße Dame - SKJE II "]
[Site "?"]
[Date "2019.04.14"]
[Round "9.1"]
[White "Wenzel, Birger"]
[Black "Mandelbaum, Peter-Rene"]
[Result "1/2-1/2"]
[WhiteElo "2101"]
[BlackElo "2090"]
[PlyCount "29"]
[EventDate "2019.??.??"]

1. d4 {[%emt 0:00:00]} d5 2. c4 e6 3. Nf3 Nf6 4. g3 Be7 5. Bg2 O-O 6. O-O dxc4
7. Qa4 a6 8. Qxc4 b5 9. Qc2 Bb7 10. Bd2 Be4 11. Qc1 Bb7 12. Rd1 Qc8 13. Bg5
Nbd7 14. Nbd2 c5 15. dxc5 1/2-1/2

[Event "LLHH 1819 Weiße Dame - SKJE II "]
[Site "?"]
[Date "2019.04.14"]
[Round "9.2"]
[White "Popist, Florian"]
[Black "Johannsen, Dennis"]
[Result "1/2-1/2"]
[WhiteElo "2028"]
[BlackElo "2124"]
[PlyCount "106"]
[EventDate "2019.??.??"]

1. e4 c5 2. Nf3 e6 3. d4 cxd4 4. Nxd4 a6 5. c4 Qc7 6. Nc3 d6 7. Be3 Nd7 8. Be2
b6 9. O-O Bb7 10. f3 Be7 11. Qd2 Ngf6 12. Rac1 O-O 13. a3 Rac8 14. Rfd1 Rfd8
15. Qe1 Qb8 16. Qf2 Re8 17. Nb3 Bd8 18. Nd2 Bc7 19. Nf1 Bc6 20. Na2 Ba4 21. Rd3
Nc5 22. Rdc3 Nb3 23. Re1 Nd7 24. Nc1 Nxc1 25. Rexc1 Nc5 26. Bd1 Bc6 27. Be2 Qa8
28. Nd2 Rb8 29. b4 Nd7 30. Nb3 Rec8 31. Kh1 h6 32. Nd4 Bb7 33. Nb3 Kh8 34. c5
bxc5 35. bxc5 dxc5 36. Nxc5 Nxc5 37. Rxc5 Bd6 38. R5c3 Rxc3 39. Rxc3 Rc8 40.
Qe1 Rxc3 41. Qxc3 Qc8 42. Qxc8+ Bxc8 43. a4 Kg8 44. Kg1 Kf8 45. Kf2 Ke7 46. h3
Bb4 47. Bd4 f6 48. e5 f5 49. Ke3 Kd7 50. Bc4 g5 51. Kd3 f4 52. Bf2 Kc6 53. Bd4
Bc5 1/2-1/2

[Event "LLHH 1819 Weiße Dame - SKJE II "]
[Site "?"]
[Date "2019.04.14"]
[Round "9.3"]
[White "Keyser, Philipp"]
[Black "Lansky, Georg"]
[Result "0-1"]
[WhiteElo "1954"]
[BlackElo "1951"]
[PlyCount "74"]
[EventDate "2019.??.??"]

1. e4 e6 2. d4 d5 3. Nd2 c5 4. exd5 exd5 5. Ngf3 Nc6 6. Bb5 cxd4 7. O-O Bd6 8.
Nb3 Nge7 9. Nbxd4 O-O 10. Bg5 Qb6 11. c3 a6 12. Bxc6 bxc6 13. Nb3 Bg4 14. h3
Bh5 15. Bxe7 Bxe7 16. Qd4 Qxd4 17. Nfxd4 Rfc8 18. Nf5 Bf8 19. Rfe1 Rc7 20. Re3
Bg6 21. Ng3 a5 22. Rae1 a4 23. Nc1 Rb7 24. R3e2 f6 25. f4 Bd6 26. Rf1 Re8 27.
Rxe8+ Bxe8 28. Nf5 Bc5+ 29. Kh1 Bg6 30. Nd4 Bxd4 31. cxd4 Rxb2 32. f5 Be8 33.
Re1 Kf7 34. Nd3 Rxa2 35. Nc5 a3 36. Ne6 Bd7 37. Nxg7 Rb2 0-1

[Event "LLHH 1819 Weiße Dame - SKJE II "]
[Site "?"]
[Date "2019.04.14"]
[Round "9.4"]
[White "Schiele, Lars"]
[Black "Wirthgen, Peter"]
[Result "0-1"]
[WhiteElo "2110"]
[BlackElo "2048"]
[PlyCount "154"]
[EventDate "2019.??.??"]

1. d4 {[%emt 0:00:00]} d5 2. c4 c6 3. Nf3 Nf6 4. Nc3 a6 5. a4 e6 6. g3 c5 7.
cxd5 exd5 8. Bg2 Nc6 9. O-O Be7 10. Bf4 O-O 11. Rc1 c4 12. h3 Bf5 13. g4 Bg6
14. Ne5 Bb4 15. Nxg6 hxg6 16. b3 Qa5 17. Na2 Ba3 18. Rb1 c3 19. Qd3 Rac8 20.
Nxc3 Nxd4 21. Qxd4 Qxc3 22. Be5 Qxd4 23. Bxd4 Bc5 24. Bb2 Ne4 25. Rbd1 Rfd8 26.
e3 Bb6 27. Bd4 Ba5 28. Bf3 Nd2 29. Kg2 Nxf1 30. Kxf1 Rc2 31. Be5 Rdc8 32. Rxd5
R8c5 33. Bd6 Rxd5 34. Bxd5 Bc7 35. Be7 b6 36. Kg2 Rd2 37. Bc4 a5 38. Kf3 Bd8
39. Ba3 Bh4 40. Be2 f5 41. Bc1 Rc2 42. Ba3 Kf7 43. Bd6 Be7 44. Be5 Bf6 45. Bd3
Rc1 46. Bg3 Ke6 47. Bc4+ Kd7 48. Bb5+ Kd8 49. Bc4 Rh1 50. Kg2 Rd1 51. Kf3 Be7
52. Be5 Bf8 53. Bf7 Rb1 54. Bc4 Kd7 55. Kf4 Bd6 56. gxf5 g5+ 57. Ke4 Bxe5 58.
Kxe5 Ke7 59. f4 gxf4 60. Kxf4 Rh1 61. Kg4 Kf6 62. e4 Ke5 63. Bd5 Rg1+ 64. Kf3
Kd4 65. h4 Rh1 66. Kg3 Rf1 67. Kg2 Rf4 68. Kg3 Ke3 69. Bc6 Rf1 70. Kg2 Rf3 71.
Bd5 Kf4 72. Bc4 Rg3+ 73. Kf2 Rh3 74. Bd5 Rh2+ 75. Kg1 Rxh4 76. Kg2 Rh8 77. Kf1
Re8 0-1

[Event "LLHH 1819 Weiße Dame - SKJE II "]
[Site "?"]
[Date "2019.04.14"]
[Round "9.5"]
[White "Dumjahn, Carsten"]
[Black "Ludwig, Jan"]
[Result "0-1"]
[WhiteElo "2060"]
[BlackElo "2063"]
[PlyCount "64"]
[EventDate "2019.??.??"]

1. Nf3 e6 2. c4 f5 3. e3 Nf6 4. Be2 d5 5. b3 Bd6 6. Ba3 O-O 7. O-O c6 8. d4
Bxa3 9. Nxa3 Qd6 10. c5 Qc7 11. b4 Nbd7 12. b5 e5 13. dxe5 Nxe5 14. Nxe5 Qxe5
15. bxc6 bxc6 16. Qd4 Qc7 17. Rab1 Re8 18. Rfe1 Re4 19. Qc3 Rh4 20. g3 Ne4 21.
Qd4 Rh6 22. Kg2 Nxf2 23. Nb5 cxb5 24. Qxd5+ Kf8 25. Qxa8 Ne4 26. Rg1 Ke7 27.
Bf3 Qa5 28. Bxe4 Qxa2+ 29. Kf3 fxe4+ 30. Qxe4+ Re6 31. Qxh7 Rf6+ 32. Ke4 Qc2+
0-1

[Event "LLHH 1819 Weiße Dame - SKJE II "]
[Site "?"]
[Date "2019.04.14"]
[Round "9.6"]
[White "Purniel Umpierre, Christian"]
[Black "Seidel, Mika"]
[Result "1-0"]
[WhiteElo "1996"]
[BlackElo "1975"]
[PlyCount "131"]
[EventDate "2019.??.??"]

1. e4 c5 2. Nf3 e6 3. d3 Nc6 4. g3 g6 5. Bg2 Bg7 6. O-O Nge7 7. Re1 O-O 8. c3
b6 9. Nbd2 Bb7 10. Nf1 Rc8 11. g4 d5 12. e5 d4 13. c4 h6 14. h4 Qc7 15. Bf4 f5
16. g5 h5 17. a3 a6 18. Qe2 b5 19. b3 bxc4 20. bxc4 Rb8 21. Ng3 Ba8 22. Nd2 Rb2
23. Rab1 Rfb8 24. Rxb2 Rxb2 25. Nxh5 gxh5 26. Qxh5 Kf8 27. Nf3 Nd8 28. Qh7 Nf7
29. h5 Bxf3 30. Bxf3 Nxe5 31. Qxg7+ Kxg7 32. Bxe5+ Qxe5 33. Rxe5 Rb3 34. Rxe6
Kf7 35. Rf6+ Kg7 36. h6+ Kg8 37. Bd5+ Nxd5 38. cxd5 c4 39. g6 Rb8 40. dxc4 d3
41. Kf1 Rb1+ 42. Kg2 d2 43. h7+ Kg7 44. Rf7+ Kxg6 45. h8=Q Rg1+ 46. Kxg1 d1=Q+
47. Kh2 Kxf7 48. Qh7+ Kf6 49. Qh6+ Ke5 50. Qe3+ Kf6 51. Qf4 Qh5+ 52. Kg2 Qd1
53. Qd6+ Kg5 54. Qe5 a5 55. d6 Qa4 56. Qg7+ Kh5 57. Qf7+ Kh6 58. Qf6+ Kh5 59.
Qxf5+ Kh4 60. Qe4+ Kg5 61. Qd5+ Kf4 62. d7 Qc2 63. d8=Q Qg6+ 64. Q8g5+ Qxg5+
65. Qxg5+ Kxg5 66. Kf3 1-0

[Event "LLHH 1819 Weiße Dame - SKJE II "]
[Site "?"]
[Date "2019.04.14"]
[Round "9.7"]
[White "Borisova, Borislava"]
[Black "Kuhle, Sebastian"]
[Result "1/2-1/2"]
[WhiteElo "1940"]
[BlackElo "2016"]
[PlyCount "20"]
[EventDate "2019.??.??"]

1. Nf3 Nf6 2. g3 b6 3. Bg2 Bb7 4. O-O e6 5. c4 c5 6. b3 Be7 7. Bb2 d6 8. Nc3
O-O 9. d3 a6 10. a4 Qc7 1/2-1/2

[Event "LLHH 1819 Weiße Dame - SKJE II "]
[Site "?"]
[Date "2019.04.14"]
[Round "9.8"]
[White "Lam, Daniel"]
[Black "Müller, Mark-Finn"]
[Result "0-1"]
[WhiteElo "1905"]
[BlackElo "2026"]
[PlyCount "82"]
[EventDate "2019.??.??"]

1. e4 c5 2. Nf3 a6 3. c4 Nc6 4. Nc3 e5 5. d3 g6 6. g3 Bg7 7. Bg2 Nge7 8. Bg5 f6
9. Be3 d6 10. O-O O-O 11. Ne1 Rb8 12. a3 Be6 13. f4 b5 14. f5 Bf7 15. fxg6 hxg6
16. Nd5 Be6 17. cxb5 axb5 18. b4 Nd4 19. Rc1 Rc8 20. Nc2 Nxd5 21. exd5 Bd7 22.
Na1 cxb4 23. axb4 Rxc1 24. Bxc1 Qa8 25. Nb3 Nxb3 26. Qxb3 Qa7+ 27. Kh1 Rc8 28.
Bb2 Qa4 29. Qxa4 bxa4 30. d4 Rc2 31. Ba1 f5 32. dxe5 dxe5 33. Kg1 e4 34. Bxg7
Kxg7 35. g4 a3 36. gxf5 gxf5 37. Ra1 a2 38. Bf1 Rb2 39. b5 Bxb5 40. Rxa2 Rxa2
41. Bxb5 Rd2 0-1

[Event "LLHH 1819 St. Pauli III - Eimsbüttel"]
[Site "?"]
[Date "2019.04.14"]
[Round "9.1"]
[White "Förster, Andreas"]
[Black "Wronn, Bernd"]
[Result "1-0"]
[WhiteElo "2184"]
[BlackElo "2131"]
[PlyCount "104"]
[EventDate "2019.??.??"]

1. d4 Nf6 2. c4 e6 3. Nf3 d5 4. g3 dxc4 5. Qa4+ Bd7 6. Qxc4 Bc6 7. Bg2 Bd5 8.
Qa4+ Nbd7 9. Nc3 Bc6 10. Qb3 Be7 11. O-O O-O 12. Re1 Ne4 13. Be3 Nd6 14. d5
exd5 15. Nxd5 Bxd5 16. Qxd5 c6 17. Qd3 Qa5 18. Bd2 Qh5 19. e4 Rad8 20. e5 Nb5
21. Qc2 Bc5 22. Bg5 Nd4 23. Nxd4 Qxg5 24. e6 fxe6 25. Nxe6 Rxf2 26. Qxc5 Qxc5
27. Nxc5 Rxg2+ 28. Kxg2 Nxc5 29. b4 Nd3 30. Red1 Rd5 31. a3 a5 32. Kf3 axb4 33.
Ke3 Ne5 34. Rxd5 cxd5 35. axb4 Kf7 36. Ra7 Ng4+ 37. Kf4 Nxh2 38. Rxb7+ Kf6 39.
Rd7 g5+ 40. Ke3 Ke5 41. Rxh7 Ng4+ 42. Kf3 Nf6 43. Rg7 Kd4 44. b5 g4+ 45. Kg2
Ke3 46. b6 d4 47. Re7+ Ne4 48. b7 d3 49. b8=Q d2 50. Qf4+ Ke2 51. Qxe4+ Kd1 52.
Qe2+ Kc2 1-0

[Event "LLHH 1819 St. Pauli III - Eimsbüttel"]
[Site "?"]
[Date "2019.04.14"]
[Round "9.2"]
[White "Kluth, Carsten"]
[Black "Henrich, Holger"]
[Result "1/2-1/2"]
[WhiteElo "2102"]
[BlackElo "2156"]
[PlyCount "21"]
[EventDate "2019.??.??"]

1. d4 Nf6 2. Bf4 d5 3. e3 e6 4. Bd3 b6 5. c3 Bd6 6. Nd2 O-O 7. Qe2 Bb7 8. Ngf3
Nbd7 9. O-O Ne4 10. Ne5 Nxd2 11. Qxd2 1/2-1/2

[Event "LLHH 1819 St. Pauli III - Eimsbüttel"]
[Site "?"]
[Date "2019.04.14"]
[Round "9.3"]
[White "Adloff, Ralf"]
[Black "Thomaschke, Dirk"]
[Result "1/2-1/2"]
[WhiteElo "2101"]
[BlackElo "2135"]
[PlyCount "62"]
[EventDate "2019.??.??"]

1. e4 e5 2. Nf3 Nc6 3. Be2 Nf6 4. d3 d5 5. Nbd2 Bc5 6. c3 a5 7. O-O O-O 8. b3
Re8 9. a3 h6 10. Bb2 dxe4 11. dxe4 Nh5 12. g3 Bh3 13. Re1 Nf6 14. Bf1 Bxf1 15.
Nxf1 Ng4 16. Re2 Qf6 17. Kg2 Rad8 18. Qc2 Qe6 19. b4 axb4 20. axb4 Bb6 21. h3
Nf6 22. Ne3 Nd4 23. cxd4 exd4 24. Nxd4 Bxd4 25. f3 Bxb2 26. Qxb2 Rd3 27. Ra3
Red8 28. Nd5 Rxa3 29. Nxf6+ Qxf6 30. Qxa3 Qd4 31. Qb2 Qd3 1/2-1/2

[Event "LLHH 1819 St. Pauli III - Eimsbüttel"]
[Site "?"]
[Date "2019.04.14"]
[Round "9.5"]
[White "Winter, Markus"]
[Black "Martin-Sommerfeldt, Luis"]
[Result "1/2-1/2"]
[WhiteElo "2023"]
[BlackElo "2023"]
[PlyCount "68"]
[EventDate "2019.??.??"]

1. d4 Nf6 2. Bf4 e6 3. e3 b6 4. Nf3 Bb7 5. Nbd2 Be7 6. h3 d6 7. Be2 Nbd7 8. O-O
O-O 9. c3 Re8 10. Bh2 Bf8 11. a4 a6 12. Qc2 h6 13. Rfd1 d5 14. Ne5 c5 15. Ndf3
Rc8 16. Nxd7 Nxd7 17. Re1 Be7 18. Qd2 Nf8 19. Bd3 Bd6 20. Bxd6 Qxd6 21. Qe2 Ra8
22. Rad1 Nd7 23. Bc2 Qc7 24. Qd3 g6 25. h4 c4 26. Qd2 Kg7 27. e4 dxe4 28. Bxe4
Bxe4 29. Rxe4 Nf6 30. Ree1 Nd5 31. Ne5 f6 32. Nf3 Qc6 33. Qc2 Nf4 34. Re3 g5
1/2-1/2

[Event "LLHH 1819 St. Pauli III - Eimsbüttel"]
[Site "?"]
[Date "2019.04.14"]
[Round "9.6"]
[White "Knecht, Guntram"]
[Black "Leonardi, Karlheinz"]
[Result "1/2-1/2"]
[WhiteElo "2023"]
[BlackElo "2131"]
[PlyCount "23"]
[EventDate "2019.??.??"]

1. e4 d6 2. d4 Nf6 3. Nc3 Nbd7 4. Bg5 h6 5. Be3 e5 6. f3 Be7 7. Qd2 c6 8. O-O-O
Qc7 9. h4 a6 10. g4 b5 11. Nh3 Nb6 12. Rg1 1/2-1/2

[Event "LLHH 1819 St. Pauli III - Eimsbüttel"]
[Site "?"]
[Date "2019.04.14"]
[Round "9.7"]
[White "Jarnuczak, Detlev"]
[Black "Müller, Frank"]
[Result "1/2-1/2"]
[WhiteElo "1977"]
[BlackElo "2092"]
[PlyCount "33"]
[EventDate "2019.??.??"]

1. d4 Nf6 2. c4 c5 3. d5 g6 4. Nc3 Bg7 5. Nf3 O-O 6. h3 d6 7. Bf4 Na6 8. e4 Nc7
9. Be2 a6 10. a4 b6 11. O-O Bd7 12. e5 Nfe8 13. Qd2 Rb8 14. Ne4 Bf5 15. Ng3 Bd7
16. Ne4 Bf5 17. Ng3 1/2-1/2

[Event "LLHH 1819 Diogenes II - Großhansdorf"]
[Site "?"]
[Date "2019.04.14"]
[Round "9.1"]
[White "Gara, Anita"]
[Black "Rieling, Thomas"]
[Result "1-0"]
[WhiteElo "2369"]
[BlackElo "2090"]
[PlyCount "121"]
[EventDate "2019.??.??"]

1. e4 e5 2. Nf3 Nc6 3. Bb5 d6 4. O-O Bd7 5. Re1 g6 6. d4 Bg7 7. d5 Nce7 8.
Bxd7+ Qxd7 9. c4 h6 10. Nc3 Nf6 11. Rb1 a5 12. c5 O-O 13. Qb3 a4 14. Qb4 Nh5
15. cxd6 cxd6 16. Qb5 Rfd8 17. Be3 f5 18. Qxd7 Rxd7 19. Nd2 fxe4 20. Ndxe4 Ra5
21. Rbd1 Nf4 22. g3 Nfxd5 23. Nxd5 Rxd5 24. Bxh6 Rxd1 25. Rxd1 Nf5 26. Bxg7
Kxg7 27. Nc5 Re7 28. Nxa4 b5 29. Nc3 Nd4 30. Kg2 Rc7 31. a3 Rc4 32. Rd2 Kf7 33.
h4 Ke6 34. f3 d5 35. g4 Rc5 36. f4 Nb3 37. f5+ gxf5 38. gxf5+ Kxf5 39. Rxd5
Rxd5 40. Nxd5 Kg4 41. Kf2 Kxh4 42. Nc7 Nd4 43. Ke3 Kg5 44. Ke4 Kf6 45. b4 Nc2
46. Nxb5 Ke6 47. Kd3 Ne1+ 48. Kc4 Ng2 49. Nc3 Kd6 50. a4 Ne3+ 51. Kb5 Nc2 52.
a5 Kc7 53. Kc5 Kb7 54. b5 Nd4 55. Ne4 Nb3+ 56. Kb4 Nd4 57. Nc5+ Ka8 58. Kc4 Ka7
59. b6+ Ka8 60. Kd5 Kb8 61. a6 1-0

[Event "LLHH 1819 Diogenes II - Großhansdorf"]
[Site "?"]
[Date "2019.04.14"]
[Round "9.2"]
[White "Kilic, Oguz"]
[Black "Heyken, Enno"]
[Result "1/2-1/2"]
[WhiteElo "2021"]
[BlackElo "2339"]
[PlyCount "78"]
[EventDate "2019.??.??"]

1. e4 e6 2. Nc3 d5 3. g3 Nf6 4. d3 Bc5 5. Bg2 dxe4 6. Nxe4 Nxe4 7. Bxe4 Nd7 8.
Be3 Bxe3 9. fxe3 c6 10. Qd2 e5 11. Ne2 Nf6 12. Bg2 Qb6 13. c3 Be6 14. O-O h5
15. h3 Bd5 16. Bxd5 cxd5 17. Rf5 Qe6 18. Raf1 O-O-O 19. Kg2 Rhe8 20. Nc1 Qc6
21. Kg1 Qd6 22. Qf2 Kb8 23. Nb3 Qa6 24. Nc1 Re6 25. Qc2 Qb6 26. Re1 d4 27. exd4
exd4 28. Rxe6 Qxe6 29. Qf2 Qb6 30. c4 a6 31. Nb3 Qe6 32. Qf4+ Ka8 33. Qe5 Qd7
34. Kh1 Re8 35. Qf4 Re2 36. Kg1 Rxb2 37. Nxd4 Rxa2 38. Qe3 h4 39. gxh4 Qd6
1/2-1/2

[Event "LLHH 1819 Diogenes II - Großhansdorf"]
[Site "?"]
[Date "2019.04.14"]
[Round "9.3"]
[White "Spindel, Ulrich"]
[Black "Hein, Ralf"]
[Result "0-1"]
[WhiteElo "2094"]
[BlackElo "2040"]
[PlyCount "62"]
[EventDate "2019.??.??"]

1. d4 d5 2. c4 Nf6 3. Nf3 e6 4. e3 Be7 5. Nc3 O-O 6. Bd3 b6 7. O-O Bb7 8. cxd5
exd5 9. Bd2 Nbd7 10. Rc1 Rc8 11. Re1 Re8 12. Qa4 a6 13. Ne2 Bd6 14. Bf5 b5 15.
Qb3 g6 16. Bh3 Ne4 17. a4 c6 18. Nf4 f5 19. Nd3 Qf6 20. Bb4 Bb8 21. g3 g5 22.
Bg2 h5 23. Nd2 Kh7 24. f3 Nxd2 25. Bxd2 h4 26. g4 fxg4 27. fxg4 Qd6 28. h3 Qh2+
29. Kf1 Rf8+ 30. Nf2 Rxf2+ 31. Kxf2 Bg3+ 0-1

[Event "LLHH 1819 Diogenes II - Großhansdorf"]
[Site "?"]
[Date "2019.04.14"]
[Round "9.4"]
[White "Bartels, Holger"]
[Black "Kuhn, Gerd"]
[Result "1-0"]
[WhiteElo "2071"]
[BlackElo "2052"]
[PlyCount "83"]
[EventDate "2019.??.??"]

1. e4 c6 2. d4 d5 3. exd5 cxd5 4. c4 Nf6 5. Nc3 g6 6. Qb3 Bg7 7. cxd5 O-O 8.
Be2 Na6 9. Bf3 Qb6 10. Nge2 Qxb3 11. axb3 Nb4 12. O-O Rd8 13. Bg5 Nfxd5 14.
Nxd5 Nxd5 15. Nc3 Be6 16. Ra5 Nxc3 17. bxc3 f6 18. Be3 b6 19. Ra6 Bd5 20. Bxd5+
Rxd5 21. Rfa1 Rb5 22. R1a3 Rc8 23. b4 e5 24. dxe5 fxe5 25. Rxa7 e4 26. Ra8 Rxa8
27. Rxa8+ Kf7 28. Ra7+ Kg8 29. Rc7 Rd5 30. Kf1 b5 31. Ke2 Rd3 32. c4 Rb3 33.
cxb5 Rb2+ 34. Kd1 Rxb4 35. b6 Be5 36. Re7 Bf6 37. Rd7 Kf8 38. b7 Ke8 39. Rxh7
Kd8 40. Bf4 Rb1+ 41. Kc2 Rb2+ 42. Kc1 1-0

[Event "LLHH 1819 Diogenes II - Großhansdorf"]
[Site "?"]
[Date "2019.04.14"]
[Round "9.5"]
[White "Paul, Anatolij"]
[Black "Bernstengel, Aaron"]
[Result "1/2-1/2"]
[WhiteElo "2084"]
[BlackElo "1767"]
[PlyCount "52"]
[EventDate "2019.??.??"]

1. d4 f5 2. Nc3 Nf6 3. Bg5 d5 4. f3 h6 5. Bxf6 exf6 6. e4 Bb4 7. Bd3 Qe7 8. Qe2
Nc6 9. exd5 Nxd4 10. Qxe7+ Bxe7 11. f4 Bd7 12. O-O-O O-O-O 13. Bc4 Bc5 14. a3
a5 15. a4 Rhe8 16. Nh3 c6 17. Rhe1 cxd5 18. Bxd5 Bc6 19. Bxc6 Nxc6 20. Rxd8+
Kxd8 21. Rxe8+ Kxe8 22. Kd2 Kd7 23. Nd1 Nd4 24. Ne3 Ke6 25. Nf2 Nxc2 26. Nxc2
Bxf2 1/2-1/2

[Event "LLHH 1819 Diogenes II - Großhansdorf"]
[Site "?"]
[Date "2019.04.14"]
[Round "9.7"]
[White "Felten, Joachim"]
[Black "Neumann, Michael"]
[Result "1/2-1/2"]
[WhiteElo "2078"]
[BlackElo "2115"]
[PlyCount "49"]
[EventDate "2019.??.??"]

1. e4 c5 2. Nf3 e6 3. d4 cxd4 4. Nxd4 Nf6 5. Bd3 Nc6 6. Be3 d5 7. Nxc6 bxc6 8.
exd5 cxd5 9. O-O Bd6 10. Bg5 Qc7 11. h3 Nd7 12. Nd2 h6 13. Be3 e5 14. f3 Rb8
15. Rb1 Nc5 16. Nb3 Nxd3 17. Qxd3 Be6 18. c3 O-O 19. Qd2 a5 20. Rbd1 a4 21. Nc1
f5 22. f4 exf4 23. Bxf4 Bxf4 24. Qxf4 Qb6+ 25. Rf2 1/2-1/2

[Event "LLHH 1819 Diogenes II - Großhansdorf"]
[Site "?"]
[Date "2019.04.14"]
[Round "9.8"]
[White "Schwank, Johann"]
[Black "Limbach, Torsten"]
[Result "0-1"]
[WhiteElo "1788"]
[BlackElo "1964"]
[PlyCount "100"]
[EventDate "2019.??.??"]

1. e4 e6 2. d4 d5 3. Nc3 Bb4 4. e5 c5 5. a3 Bxc3+ 6. bxc3 Qc7 7. Qg4 f5 8. exf6
Nxf6 9. Bb5+ Nc6 10. Bf4 Qf7 11. Qe2 Ne4 12. Qe3 O-O 13. Nh3 e5 14. Bxe5 Nxe5
15. dxe5 Bxh3 16. gxh3 Qxf2+ 17. Qxf2 Rxf2 18. e6 Kf8 19. Rd1 Rf5 20. Rd3 Ke7
21. Rg1 g6 22. Re3 Kxe6 23. c4 Re5 24. cxd5+ Kxd5 25. Rg2 a6 26. Bd7 Kd6 27.
Bg4 Rae8 28. Rd3+ Rd5 29. Re3 Nf6 30. Rxe8 Nxe8 31. Rf2 Re5+ 32. Kd2 Ke7 33. c4
Nd6 34. Kd3 h5 35. Bf3 b5 36. Bd5 Nf5 37. Rc2 Kd6 38. Be4 Nd4 39. Rc1 g5 40.
Bb7 a5 41. cxb5 Nxb5 42. Bf3 h4 43. a4 Nd4 44. Bg4 Kd5 45. Rb1 c4+ 46. Kd2 Nb3+
47. Kc2 Kc5 48. Rf1 Kb4 49. Bd7 Re2+ 50. Kb1 Nd2+ 0-1

[Event "LLHH 1819 HSK IV - Fischbek"]
[Site "?"]
[Date "2019.04.14"]
[Round "9.2"]
[White "Poeck, Ole"]
[Black "de Voogt, Jürgen"]
[Result "1/2-1/2"]
[WhiteElo "2254"]
[BlackElo "2219"]
[PlyCount "30"]
[EventDate "2019.??.??"]

1. d4 g6 2. e4 Bg7 3. Nf3 d6 4. h3 Nd7 5. c4 e5 6. Nc3 Ne7 7. Be3 O-O 8. Qd2 f5
9. Bg5 exd4 10. Nxd4 Nf6 11. exf5 Nxf5 12. Nxf5 Bxf5 13. Be2 Qe8 14. O-O Ne4
15. Nxe4 Bxe4 1/2-1/2

[Event "LLHH 1819 HSK IV - Fischbek"]
[Site "?"]
[Date "2019.04.14"]
[Round "9.3"]
[White "Kneip, Jakob"]
[Black "Meier, David Geffrey"]
[Result "0-1"]
[WhiteElo "2099"]
[BlackElo "2158"]
[PlyCount "60"]
[EventDate "2019.??.??"]

1. e4 g6 2. d4 Bg7 3. Nc3 d6 4. Be3 a6 5. a4 Nd7 6. f4 c5 7. Nf3 Ngf6 8. Be2
O-O 9. h3 Nh5 10. O-O cxd4 11. Nxd4 Ng3 12. Rf3 Nxe2+ 13. Ndxe2 b6 14. g4 Bb7
15. Ng3 Rc8 16. h4 Nc5 17. Bd4 e5 18. Bxc5 Rxc5 19. f5 Qxh4 20. b4 Rc4 21. f6
Bxf6 22. Kg2 Bg5 23. Qxd6 Bf4 24. Qxb6 Bc8 25. Rh1 Qg5 26. Nd5 Rxc2+ 27. Kg1
Be6 28. Rh5 gxh5 29. Nxh5 Qh4 30. Ndf6+ Kh8 0-1

[Event "LLHH 1819 HSK IV - Fischbek"]
[Site "?"]
[Date "2019.04.14"]
[Round "9.4"]
[White "Jürgens, Bernhard"]
[Black "Brandt, Carina"]
[Result "1/2-1/2"]
[WhiteElo "2090"]
[BlackElo "2063"]
[PlyCount "125"]
[EventDate "2019.??.??"]

1. e4 d5 2. Nc3 c6 3. Nf3 Nf6 4. e5 Ng8 5. d4 Bf5 6. Nh4 e6 7. Nxf5 exf5 8. Bd3
g6 9. Ne2 Nd7 10. h4 h5 11. Bg5 Be7 12. Bxe7 Qxe7 13. Qd2 Nf8 14. Nf4 Ne6 15.
Nxe6 Qxe6 16. O-O-O Ne7 17. f3 O-O-O 18. Qf4 Kb8 19. c3 Ka8 20. Rdg1 c5 21.
dxc5 d4 22. c4 Qa6 23. a3 Nc6 24. g4 Rhe8 25. Re1 hxg4 26. fxg4 fxg4 27. h5
gxh5 28. Rxh5 Qa5 29. Re2 Qxc5 30. Rf5 Re6 31. b4 Qf8 32. Rxf7 Qg8 33. Rf5 Rde8
34. Kc2 Qh8 35. Rh2 Qg7 36. Rg5 Qf8 37. Rf5 Qg7 38. Rg5 Qf8 39. Qxf8 Rxf8 40.
Rxg4 Nxe5 41. Re4 Kb8 42. Rhe2 Rfe8 43. c5 a6 44. b5 axb5 45. Bxb5 R8e7 46. Bc4
d3+ 47. Bxd3 Nf3 48. Rxe6 Rxe6 49. Rxe6 Nd4+ 50. Kc3 Nxe6 51. Kc4 Kc7 52. Bf5
Nd8 53. Kb5 Nc6 54. Be4 Na7+ 55. Ka5 Nc6+ 56. Kb5 Na7+ 57. Kc4 b6 58. a4 Nc8
59. Kb5 bxc5 60. Kxc5 Nd6 61. Bc6 Nb7+ 62. Kb5 Nd6+ 63. Kc5 1/2-1/2

[Event "LLHH 1819 HSK IV - Fischbek"]
[Site "?"]
[Date "2019.04.14"]
[Round "9.5"]
[White "Schneider, Alexander"]
[Black "Posske, Thore"]
[Result "1/2-1/2"]
[WhiteElo "2067"]
[BlackElo "2018"]
[PlyCount "82"]
[EventDate "2019.??.??"]

1. e4 c6 2. d4 d5 3. Nc3 dxe4 4. Nxe4 Bf5 5. Ng3 Bg6 6. h4 h6 7. Nf3 Nd7 8. h5
Bh7 9. Bd3 Bxd3 10. Qxd3 Ngf6 11. Bf4 Qa5+ 12. Bd2 Qc7 13. O-O-O O-O-O 14. Ne4
e6 15. g3 Nxe4 16. Qxe4 c5 17. Bf4 Bd6 18. Bxd6 Qxd6 19. Qg4 c4 20. d5 exd5 21.
Qxc4+ dxc4 22. Rxd6 Nf6 23. Rxd8+ Rxd8 24. Ne5 Rd5 25. Nxc4 Ne4 26. Re1 Nxf2
27. Rf1 Ne4 28. g4 Ng3 29. Re1 Rd4 30. Ne3 Kd7 31. c3 Re4 32. Kd2 Rf4 33. Kd3
Ne4 34. Nf5 Nc5+ 35. Kc2 Rxg4 36. Re7+ Kc6 37. Rxf7 Rg2+ 38. Kb1 Rg1+ 39. Kc2
Rg2+ 40. Kb1 Nd3 41. b3 Rb2+ 1/2-1/2

[Event "LLHH 1819 HSK IV - Fischbek"]
[Site "?"]
[Date "2019.04.14"]
[Round "9.6"]
[White "Grötzbach, Daniel"]
[Black "Peters, Thomas"]
[Result "1/2-1/2"]
[WhiteElo "2067"]
[BlackElo "1793"]
[PlyCount "53"]
[EventDate "2019.??.??"]

1. e4 d5 2. exd5 Qxd5 3. Nf3 Bg4 4. Be2 Nc6 5. d4 O-O-O 6. c4 Qf5 7. Be3 Nf6 8.
O-O e5 9. d5 e4 10. Nd4 Nxd4 11. Bxd4 Bd6 12. Nc3 Rde8 13. f3 Qh5 14. f4 Bxe2
15. Qxe2 Qxe2 16. Nxe2 b6 17. Ng3 Bc5 18. Bxc5 bxc5 19. Rae1 g6 20. Re3 Re7 21.
Rfe1 Rhe8 22. a3 Kd7 23. b4 Kd6 24. h3 c6 25. dxc6 Kxc6 26. b5+ Kc7 27. Kf2
1/2-1/2

[Event "LLHH 1819 HSK IV - Fischbek"]
[Site "?"]
[Date "2019.04.14"]
[Round "9.8"]
[White "Salenko, Vadim"]
[Black "Egelriede, Nikolas"]
[Result "0-1"]
[WhiteElo "1984"]
[BlackElo "1851"]
[PlyCount "100"]
[EventDate "2019.??.??"]

1. d4 d5 2. Nf3 Nf6 3. e3 Bf5 4. Bd3 Bxd3 5. Qxd3 c6 6. Nbd2 e6 7. Ne5 Be7 8.
O-O O-O 9. f4 Nbd7 10. Rf3 Re8 11. Rh3 Nf8 12. g4 N6d7 13. Ndf3 f6 14. Nxd7
Qxd7 15. Bd2 Bd6 16. Bc3 Re7 17. Rf1 b5 18. b3 a5 19. Rg3 g5 20. Qd2 Qc7 21.
Rg2 b4 22. Bb2 gxf4 23. g5 f5 24. h4 fxe3 25. Qxe3 Rg7 26. Kh1 Qf7 27. Ne5 Qh5
28. Rh2 Ng6 29. Nd7 Rxd7 30. Qxe6+ Kh8 31. Qf6+ Kg8 32. Qe6+ Kh8 33. Qf6+ Kg8
34. Qe6+ Kh8 35. Qxd7 Bxh2 36. Qxc6 Rf8 37. Qxd5 Qxh4 38. Qg2 Be5+ 39. Kg1
Bxd4+ 40. Bxd4+ Qxd4+ 41. Kh1 Qe4 42. Rd1 Qxg2+ 43. Kxg2 Rc8 44. Rd2 Rc7 45.
Kf3 Rc3+ 46. Ke2 Nf4+ 47. Kd1 Rc5 48. a3 bxa3 49. c4 Ne6 50. Rg2 Nxg5 0-1